000 00529nam a22001817a 4500
005 20140113105041.0
010 _aENG-109059
020 _a9788189331061
_c480.00
035 _aEN-92592
037 _bDBAD/PUB
082 _a306.870954552
100 _aGurcharan Singh
245 _aZero to nine /
_cby Gurcharan Singh
260 _aChandigarh
_bEnkay Enterprises
_c2009
270 _aSCO 49-51, Basement, Sector 17C
_bChandigarh
_e160017
300 _a192p.
_c22cm(Hb)
942 _2ddc
_cEN
_mGUR
_h306.870954552
999 _c81763
_d81763